000 00522nam a2200205 a 4500
001 4693
003 CO-ViMGA
008 141112s2004 ck r 000 u spa d
020 _a8432990167
040 _aCO-ViMGA
_bspa
_cCO-ViMGA
082 0 4 _a338.74 M137
100 1 _aMagriña, Josep
_92806
245 1 0 _aLa sociedad anónima laboral
250 _a2a
260 _aBarcelona :
_bCEAC,
_c1988
300 _a124 p
490 _aBiblioteca CEAC del cooperativismo
650 1 4 _aSOCIEDAD ANONIMA
_92807
942 _2ddc
_cBK
999 _c16703
_d16703